Biblioteca y Centro de Documentación

Gestion de l'enseignement supérieur (Registro nro. 6202)

Detalles MARC
000 -CABECERA
Longitud fija campo de control 01654nam a2200409 c 4500
001 - NÚMERO DE CONTROL
Número de control 6202
003 - IDENTIFICADOR DE NÚMERO DE CONTROL
Identificador del número de control ES-MaCES
005 - FECHA Y HORA DE LA ÚLTIMA TRANSACCIÓN
Fecha y hora de la última transacción 20150925134755.0
008 - CAMPO FIJO DE DESCRIPCIÓN FIJA--INFORMACIÓN GENERAL
Códigos de información de longitud fija   971204s1997 fr ||| | fre d
020 ## - ISBN (INTERNATIONAL STANDARD BOOK NUMBER)
Número Internacional Normalizado para Libros (ISBN) 9264253912
035 ## - NÚMERO DE CONTROL DEL SISTEMA
Número de control del sistema CES19980062558m
040 ## - FUENTE DE CATALOGACIÓN
Centro catalogador de origen ES-MaCES
Lengua de catalogación spa
Centro transcriptor ES-MaCES
245 00 - MENCIÓN DE TÍTULO
Título Gestion de l'enseignement supérieur
Nombre de parte o sección de la obra Vol. 9, nº 1
Resto del título : revue du Programe sur la gestion des établissements d'enseignement supériur
260 ## - PUBLICACIÓN, DISTRIBUCIÓN, ETC (PIE DE IMPRENTA)
Lugar de publicación, distribución, etc. Paris
Nombre del editor, distribuidor, etc. Organisation de coopération et de développement économiques
Fecha de publicación, distribución, etc. cop. 1997
300 ## - DESCRIPCIÓN FÍSICA
Extensión 199 p.
Dimensiones 23 cm
500 ## - NOTA GENERAL
Nota general Incluye (p. 185-198): Indice-repertorio de los arts. pub. en la rev. en los cinco años de su existencia, del v. 4 (1992) al v. 8 (1996)
500 ## - NOTA GENERAL
Nota general El "Programme sur la gestion des établissement d'enseignement superieur" es mas conocido como "Programme IMHE"
500 ## - NOTA GENERAL
Nota general Publ. simultáneamente en inglés bajo el tít.: Higher education management
500 ## - NOTA GENERAL
Nota general Índice
504 ## - NOTA DE BIBLIOGRAFÍA, ETC.
Nota de bibliografía, etc. Bibliografía
541 ## - NOTA DE LA FUENTE INMEDIANTE DE ADQUISICIÓN
Forma de adquisición Gratuito
650 #4 - ASIENTO SECUNDARIO DE MATERIA--TÉRMINO DE MATERIA
Término de materia o nombre geográfico como elemento inicial enseñanza superior
9 (RLIN) 27379
650 #4 - ASIENTO SECUNDARIO DE MATERIA--TÉRMINO DE MATERIA
Término de materia o nombre geográfico como elemento inicial estudios en el extranjero
9 (RLIN) 27409
650 #4 - ASIENTO SECUNDARIO DE MATERIA--TÉRMINO DE MATERIA
Término de materia o nombre geográfico como elemento inicial evaluación
9 (RLIN) 28893
650 #4 - ASIENTO SECUNDARIO DE MATERIA--TÉRMINO DE MATERIA
Término de materia o nombre geográfico como elemento inicial administración educativa
9 (RLIN) 27207
650 #4 - ASIENTO SECUNDARIO DE MATERIA--TÉRMINO DE MATERIA
Término de materia o nombre geográfico como elemento inicial planificación de la educación
9 (RLIN) 27399
650 #4 - ASIENTO SECUNDARIO DE MATERIA--TÉRMINO DE MATERIA
Término de materia o nombre geográfico como elemento inicial presupuesto de la educación
9 (RLIN) 27398
650 #4 - ASIENTO SECUNDARIO DE MATERIA--TÉRMINO DE MATERIA
Término de materia o nombre geográfico como elemento inicial país de la OCDE
9 (RLIN) 29055
650 #4 - ASIENTO SECUNDARIO DE MATERIA--TÉRMINO DE MATERIA
Término de materia o nombre geográfico como elemento inicial estudio de casos
9 (RLIN) 28846
653 10 - TÉRMINO DE INDEXACIÓN--NO CONTROLADO
Término no controlado Educación
650 #4 - ASIENTO SECUNDARIO DE MATERIA--TÉRMINO DE MATERIA
9 (RLIN) 27434
Término de materia o nombre geográfico como elemento inicial universidad
710 2# - ENCABEZAMIENTO SECUNDARIO--NOMBRE CORPORATIVO
Nombre de entidad o nombre de jurisdicción como elemento inicial Organización de Cooperación y Desarrollo Económico
Término indicativo de función ed.
9 (RLIN) 4694
730 0# - ENCABEZAMIENTO SECUNDARIO--TÍTULO UNIFORME
Título uniforme Programa IMHE
9 (RLIN) 33238
902 ## - CES. TIPO DE DOCUMENTO
Tipodoc (006$c Sirtex) LIB Libro
942 ## - ELEMENTOS KOHA
Fuente de clasificaión o esquema Clasificación propia del CES
Koha [por defecto] tipo de item Monografías
Parte de clasificación 4.0.
Existencias
Número de registro Signatura completa Tipo de item de Koha
022838 DPT-8551 Monografías
© CES, Consejo Económico y Social de España 2021